000
00314nam a22001457a 4500
020
_a
0-380-51094-4
082
_a
823
_b
DEB/B
100
_a
DEBORAH
100
_a
HOWE, JAMES
245
_a
BUNNICULA
260
_a
NEW YORK
_b
AVON BOOKS
_c
1979
300
_a
98
650
_a
SHORT STORIES
_z
UNITED STATES
942
_c
BK
999
_c
3018
_d
3018